[Event "Klasyfikacyjny wiosna grupa B"]
[Site "Bialystok"]
[Date "2011.??.??"]
[Round "1.1"]
[White "Kostyra, Stanislaw"]
[Black "Bobras, Jan"]
[Result "1-0"]
[WhiteElo "2323"]
[BlackElo "1679"]
[PlyCount "73"]
[EventDate "2011.??.??"]

1. d4 d5 2. c4 c6 3. Nc3 e6 4. Nf3 Nf6 5. Bg5 Be7 6. e3 Ne4 7. Bxe7 Qxe7 8. Bd3
Nxc3 9. bxc3 dxc4 10. Bxc4 Nd7 11. e4 O-O 12. O-O e5 13. Re1 exd4 14. cxd4 Nb6
15. Bf1 Bg4 16. h3 Bh5 17. a4 Qf6 18. g4 Bg6 19. a5 Nc8 20. a6 b6 21. Ne5 Ne7
22. Nd7 Qf4 23. Nxf8 Rxf8 24. Qc1 Qd6 25. Qa3 Qc7 26. Rad1 h5 27. d5 Nc8 28. d6
Qd7 29. Qg3 hxg4 30. hxg4 Rd8 31. e5 Qe6 32. Bg2 Bc2 33. Rc1 Ba4 34. Qh4 Qe8
35. Re3 c5 36. Rh3 f6 37. Bd5+ 1-0

[Event "Klasyfikacyjny wiosna grupa B"]
[Site "Bialystok"]
[Date "2011.??.??"]
[Round "1.2"]
[White "Gorbacz, Filip"]
[Black "Smirnov, Aleksander"]
[Result "0-1"]
[WhiteElo "1652"]
[BlackElo "2220"]
[PlyCount "138"]
[EventDate "2011.??.??"]

1. e4 c5 2. Nf3 a6 3. c4 g6 4. Be2 Bg7 5. d4 Nc6 6. d5 Nd4 7. Nxd4 Bxd4 8. Nd2
d6 9. Nb3 Bg7 10. Qc2 e6 11. O-O Ne7 12. f4 exd5 13. exd5 O-O 14. g4 f5 15. g5
b5 16. cxb5 Qb6 17. Be3 axb5 18. Bf3 Bb7 19. Qg2 Rfe8 20. h4 Nc8 21. Bf2 Qd8
22. Bg3 c4 23. Nc1 Nb6 24. Rb1 Na4 25. Be1 Nc5 26. Bc3 Ne4 27. Bxg7 Qb6+ 28.
Kh2 Kxg7 29. Bxe4 Rxe4 30. Ne2 Qe3 31. Rbe1 Ree8 32. Nc3 Qd4 33. Nxb5 Qxd5 34.
Qxd5 Bxd5 35. Nc7 Rxe1 36. Rxe1 Ra5 37. a3 Bf7 38. Ne8+ Bxe8 39. Rxe8 Rb5 40.
Re7+ Kg8 41. Re2 Kf7 42. Kg2 Rb3 43. a4 Rb4 44. a5 Ra4 45. Rd2 Ke6 46. h5 gxh5
47. Re2+ Kd5 48. Kf3 Rxa5 49. Rd2+ Kc5 50. Kg3 Ra1 51. Rh2 Rg1+ 52. Kf2 Rb1 53.
Kg3 d5 54. Kh4 d4 55. Kxh5 d3 56. Kh6 Rf1 57. Kxh7 Rxf4 58. g6 Rg4 59. g7 Kd4
60. g8=Q Rxg8 61. Kxg8 Ke3 62. Rh3+ Ke2 63. Rh2+ Ke3 64. Rh3+ Ke4 65. Kf7 d2
66. Rh1 f4 67. Ke6 f3 68. Kd6 Kd4 69. Rh5 f2 0-1

[Event "Klasyfikacyjny wiosna grupa B"]
[Site "Bialystok"]
[Date "2011.??.??"]
[Round "1.3"]
[White "Olhovik, Andrei"]
[Black "Burakowska, Gabriela"]
[Result "1-0"]
[WhiteElo "2206"]
[BlackElo "1612"]
[PlyCount "51"]
[EventDate "2011.??.??"]

1. d4 d5 2. c4 c6 3. Nf3 Nf6 4. Nc3 Bf5 5. cxd5 Nxd5 6. Qb3 Nb6 7. e4 Be6 8.
Qc2 g6 9. h4 h5 10. Ng5 Bc8 11. Qb3 e6 12. Be3 Be7 13. Rd1 Bd7 14. Be2 Na6 15.
Rh3 Bxg5 16. Bxg5 f6 17. Be3 Qe7 18. Rg3 Qf7 19. d5 cxd5 20. exd5 e5 21. Bxb6
axb6 22. Qxb6 Rc8 23. Ne4 Qg7 24. Nxf6+ Ke7 25. Nxd7 Kxd7 26. Bb5+ 1-0

[Event "Klasyfikacyjny wiosna grupa B"]
[Site "Bialystok"]
[Date "2011.??.??"]
[Round "1.4"]
[White "Daciuk, Jaroslaw"]
[Black "Bernacki, Krzysztof"]
[Result "0-1"]
[WhiteElo "1594"]
[BlackElo "2021"]
[PlyCount "62"]
[EventDate "2011.??.??"]

1. c4 f5 2. Nc3 Nf6 3. Nf3 e6 4. d4 d5 5. Bf4 Bd6 6. Bxd6 Qxd6 7. c5 Qe7 8. b4
Nbd7 9. Nb5 Qd8 10. Qa4 O-O 11. Rc1 Ne4 12. e3 c6 13. Nc3 f4 14. Qb3 fxe3 15.
Nxe4 dxe4 16. Qxe6+ Kh8 17. Qxe4 exf2+ 18. Kxf2 Nf6 19. Qc2 Ng4+ 20. Ke1 Rxf3
21. gxf3 Qh4+ 22. Kd2 Nf2 23. Ke3 Nxh1 24. Bd3 Qh6+ 25. Ke2 Qxh2+ 26. Kd1 Nf2+
27. Ke1 Nxd3+ 28. Qxd3 Bd7 29. Rc2 Re8+ 30. Kd1 Qg1+ 31. Kd2 Qe1# 0-1

[Event "Klasyfikacyjny wiosna grupa B"]
[Site "Bialystok"]
[Date "2011.??.??"]
[Round "1.5"]
[White "Bartoszewicz, Marcin"]
[Black "Grabarczyk, Edmund"]
[Result "1-0"]
[WhiteElo "1975"]
[BlackElo "1585"]
[PlyCount "75"]
[EventDate "2011.??.??"]

1. e4 c5 2. Nf3 Nc6 3. d4 cxd4 4. Nxd4 Nf6 5. Nc3 g6 6. Be3 Bg7 7. Bc4 O-O 8.
Bb3 Na5 9. f3 e5 10. Ndb5 Nxb3 11. axb3 d5 12. Nxd5 Nxe4 13. fxe4 Qh4+ 14. Bf2
Qxe4+ 15. Kf1 Bg4 16. Qd3 Be2+ 17. Qxe2 Qxd5 18. Nc7 Qd7 19. Nxa8 Rxa8 20. h4
e4 21. c3 Qe6 22. b4 b6 23. Rh3 f5 24. Rd1 f4 25. Bd4 f3 26. Qf2 fxg2+ 27. Qxg2
Rd8 28. Re3 Qb3 29. Qe2 Bh6 30. Rxe4 Rf8+ 31. Kg1 Qd5 32. Re8 Qd6 33. Rxf8+
Bxf8 34. Qf3 Qe7 35. Qf4 Qe2 36. Rf1 Qe7 37. Qf3 g5 38. Qd5+ 1-0

[Event "Klasyfikacyjny wiosna grupa B"]
[Site "Bialystok"]
[Date "2011.??.??"]
[Round "1.6"]
[White "Smolarczyk, Tomasz"]
[Black "Zochowski, Kacper"]
[Result "0-1"]
[WhiteElo "1571"]
[BlackElo "1942"]
[PlyCount "48"]
[EventDate "2011.??.??"]

1. e4 c5 2. Nf3 d6 3. d4 cxd4 4. Nxd4 Nf6 5. Nc3 a6 6. Bd3 e6 7. f4 b5 8. a3
Bb7 9. O-O Nbd7 10. Qf3 Rc8 11. Bd2 Nc5 12. g4 d5 13. e5 Nfe4 14. Be1 Qc7 15.
Kh1 Be7 16. Rd1 Nxc3 17. Bxc3 Na4 18. f5 Qxe5 19. fxe6 f6 20. Nxb5 Nxc3 21.
Nxc3 Bd6 22. Qg2 Rxc3 23. bxc3 d4 24. Rf3 Bxf3 0-1

[Event "Klasyfikacyjny wiosna grupa B"]
[Site "Bialystok"]
[Date "2011.??.??"]
[Round "1.7"]
[White "Borawski, Jakub"]
[Black "Szostko, Jakub"]
[Result "1-0"]
[WhiteElo "1867"]
[BlackElo "1546"]
[PlyCount "67"]
[EventDate "2011.??.??"]

1. e4 e5 2. Nf3 Nc6 3. Bc4 Bc5 4. c3 Nf6 5. d3 a6 6. Nbd2 d6 7. Bb3 Ba7 8. h3
Nh5 9. Nf1 Nf4 10. Bxf4 exf4 11. Qd2 Qf6 12. N1h2 h5 13. h4 Be6 14. Bc2 Ne5 15.
Ng5 Ng4 16. d4 Nxh2 17. Rxh2 O-O-O 18. O-O-O Rhe8 19. Kb1 Bd7 20. Rhh1 Bc6 21.
f3 Bb6 22. Nh3 Qxh4 23. Nxf4 Qf6 24. Nxh5 Qh6 25. Qxh6 gxh6 26. Bb3 Re7 27. Nf6
Rh8 28. Rh5 Bb5 29. Rdh1 Bd3+ 30. Kc1 a5 31. Rxh6 Rxh6 32. Rxh6 Bf1 33. Rh8+
Re8 34. Rxe8# 1-0

[Event "Klasyfikacyjny wiosna grupa B"]
[Site "Bialystok"]
[Date "2011.??.??"]
[Round "1.8"]
[White "Trofimiuk, Tomasz"]
[Black "Chilkiewicz, Marek"]
[Result "0-1"]
[WhiteElo "1490"]
[BlackElo "1854"]
[PlyCount "82"]
[EventDate "2011.??.??"]

1. e4 d6 2. d4 Nf6 3. Nc3 g6 4. f3 Bg7 5. Be3 O-O 6. Qd2 Re8 7. h4 c6 8. O-O-O
b5 9. Bh6 Bh8 10. g4 a5 11. Kb1 a4 12. h5 Qb6 13. hxg6 fxg6 14. e5 b4 15. Ne4
Nxe4 16. fxe4 dxe5 17. Bc4+ e6 18. dxe5 Nd7 19. Nf3 Nxe5 20. Nxe5 Bxe5 21. Be3
c5 22. Qf2 Ra5 23. Rxh7 Rf8 24. Qh4 Ra7 25. Rxa7 Qxa7 26. Qg5 Qg7 27. Rd8 Qf6
28. Rxf8+ Kxf8 29. Bxc5+ Kg7 30. Qxf6+ Kxf6 31. Bxb4 Kg5 32. Be2 Kf4 33. Bd2+
Kxe4 34. Bd3+ Kf3 35. Bxg6 Kxg4 36. Be8 a3 37. b4 Bb2 38. Bc6 Bd4 39. c3 Bb6
40. Bc1 e5 41. c4 Bf5+ 0-1

[Event "Klasyfikacyjny wiosna grupa B"]
[Site "Bialystok"]
[Date "2011.??.??"]
[Round "1.9"]
[White "Sieklucki, Adam"]
[Black "Kozaczynska, Aleksandra"]
[Result "1-0"]
[WhiteElo "1838"]
[BlackElo "1452"]
[PlyCount "31"]
[EventDate "2011.??.??"]

1. d4 d5 2. Nf3 Nf6 3. c4 e6 4. Nc3 Be7 5. Bg5 O-O 6. e3 h6 7. Bh4 Nbd7 8. Bd3
dxc4 9. Bxc4 Nb6 10. Bb3 Bd7 11. O-O Bc6 12. Ne5 Bd5 13. Bc2 Ne4 14. Bxe7 Nxc3
15. Qd3 Qxe7 16. Qh7# 1-0

[Event "Klasyfikacyjny wiosna grupa B"]
[Site "Bialystok"]
[Date "2011.??.??"]
[Round "1.10"]
[White "Ocytko, Michal"]
[Black "Strojek, Kazimierz"]
[Result "0-1"]
[WhiteElo "1368"]
[BlackElo "1819"]
[PlyCount "24"]
[EventDate "2011.??.??"]

1. d4 Nf6 2. Nf3 g6 3. g3 Bg7 4. Bg2 O-O 5. O-O c6 6. c3 d6 7. a4 a5 8. Na3 Bf5
9. Nc4 Nbd7 10. Ncd2 Nb6 11. Nh4 Qd7 12. f3 Be6 0-1

[Event "Klasyfikacyjny wiosna grupa B"]
[Site "Bialystok"]
[Date "2011.??.??"]
[Round "2.1"]
[White "Chilkiewicz, Marek"]
[Black "Kostyra, Stanislaw"]
[Result "0-1"]
[WhiteElo "1854"]
[BlackElo "2323"]
[PlyCount "46"]
[EventDate "2011.??.??"]

1. d4 Nf6 2. f4 d5 3. e3 Bf5 4. Bd3 e6 5. Nf3 Nbd7 6. Bxf5 exf5 7. O-O Bd6 8.
Ne5 O-O 9. c4 c6 10. cxd5 Nxd5 11. Qd3 g6 12. Nc3 N7f6 13. Nxd5 Nxd5 14. e4
fxe4 15. Qxe4 f5 16. Qf3 Qb6 17. Rd1 Rad8 18. Nc4 Qc7 19. g3 Rfe8 20. Bd2 Re4
21. Bc3 Rde8 22. Ne5 b5 23. b3 Re3 0-1

[Event "Klasyfikacyjny wiosna grupa B"]
[Site "Bialystok"]
[Date "2011.??.??"]
[Round "2.2"]
[White "Smirnov, Aleksander"]
[Black "Borawski, Jakub"]
[Result "1-0"]
[WhiteElo "2220"]
[BlackElo "1867"]
[PlyCount "57"]
[EventDate "2011.??.??"]

1. e4 e5 2. Nf3 Nc6 3. d4 exd4 4. Nxd4 Bc5 5. Nxc6 Qf6 6. Qf3 Qxf3 7. gxf3 bxc6
8. Be3 Bb6 9. Rg1 g6 10. Nc3 d6 11. O-O-O f5 12. Bd3 Ne7 13. Rd2 Bxe3 14. fxe3
fxe4 15. fxe4 O-O 16. Bc4+ Kg7 17. Ne2 Rf3 18. Ng3 Bb7 19. Rd3 c5 20. Be6 Kh8
21. e5 d5 22. c4 c6 23. Bg4 Rd8 24. h4 Ba6 25. b3 Re8 26. Kb1 Rf2 27. Be6 Rd8
28. Kc1 Rxa2 29. Rgd1 1-0

[Event "Klasyfikacyjny wiosna grupa B"]
[Site "Bialystok"]
[Date "2011.??.??"]
[Round "2.3"]
[White "Strojek, Kazimierz"]
[Black "Olhovik, Andrei"]
[Result "0-1"]
[WhiteElo "1819"]
[BlackElo "2206"]
[PlyCount "71"]
[EventDate "2011.??.??"]

1. e4 c5 2. Nc3 Nc6 3. g3 g6 4. Bg2 Bg7 5. d3 d6 6. Be3 Rb8 7. Qd2 b5 8. Nd1 b4
9. h3 e6 10. Nf3 Nd4 11. O-O Ne7 12. Nh2 Qa5 13. c3 Nb3 14. axb3 Qxa1 15. d4
Ba6 16. c4 Qa5 17. Nf3 Rd8 18. d5 exd5 19. exd5 O-O 20. g4 Nc8 21. Bh6 Qc7 22.
Bxg7 Kxg7 23. Qf4 f6 24. Ne3 Nb6 25. g5 Bc8 26. Qh4 f5 27. Qf4 Rde8 28. Nd2 Nd7
29. Qh2 Ne5 30. Bf3 Qe7 31. Re1 Qxg5+ 32. Kf1 f4 33. Ne4 Nxf3 34. Nxg5 Nxh2+
35. Kg2 fxe3 36. fxe3 0-1

[Event "Klasyfikacyjny wiosna grupa B"]
[Site "Bialystok"]
[Date "2011.??.??"]
[Round "2.4"]
[White "Bernacki, Krzysztof"]
[Black "Sieklucki, Adam"]
[Result "0-1"]
[WhiteElo "2021"]
[BlackElo "1838"]
[PlyCount "58"]
[EventDate "2011.??.??"]

1. e4 c5 2. Nc3 e6 3. Nge2 Nc6 4. g3 Nf6 5. Bg2 d6 6. O-O Be7 7. d3 O-O 8. f4
d5 9. e5 Ne8 10. Kh1 f6 11. exf6 Nxf6 12. Ng1 e5 13. fxe5 Nxe5 14. Bg5 d4 15.
Bxf6 Bxf6 16. Ne4 Ng4 17. Nxc5 Ne3 18. Qe2 Nxf1 19. Rxf1 Qc7 20. Ne6 Bxe6 21.
Qxe6+ Kh8 22. Be4 Qc8 23. Qd5 g6 24. Nf3 Bg7 25. Rc1 Qd8 26. Qxb7 Rb8 27. Qxa7
Rxb2 28. Qc5 Rxa2 29. Ng5 Ra5 0-1

[Event "Klasyfikacyjny wiosna grupa B"]
[Site "Bialystok"]
[Date "2011.??.??"]
[Round "2.6"]
[White "Zochowski, Kacper"]
[Black "Filimoniuk, Marcin"]
[Result "1-0"]
[WhiteElo "1942"]
[BlackElo "1768"]
[PlyCount "101"]
[EventDate "2011.??.??"]

1. e4 e6 2. d4 d5 3. Nc3 dxe4 4. Nxe4 Nd7 5. Nf3 Ngf6 6. Bd3 Be7 7. O-O b6 8.
Nxf6+ Bxf6 9. Be4 Rb8 10. Qd3 Bb7 11. Bf4 Bxe4 12. Qxe4 O-O 13. Rad1 Qc8 14.
Qc6 Rb7 15. Ne5 Nb8 16. Qe4 c5 17. Rd3 Rd8 18. Rh3 g6 19. Ng4 Bg7 20. Nh6+ Kf8
21. dxc5 Rd4 22. Bd6+ Ke8 23. Qe3 f5 24. Qg3 bxc5 25. Be5 Re4 26. Bxg7 Rxg7 27.
Qc3 Qc7 28. f4 e5 29. fxe5 Qxe5 30. Qb3 Nd7 31. Qb7 Qb8 32. Qc6 Qb6 33. Qc8+
Qd8 34. Qc6 Qb6 35. Qc8+ Qd8 36. Qa6 Qb6 37. Qa3 c4+ 38. Kh1 Qc5 39. Qc3 Qe5
40. Qb4 Qc5 41. Qb7 Qb6 42. Qa8+ Qb8 43. Qc6 Qb6 44. Qc8+ Qd8 45. Qc6 Qb6 46.
Qd5 Qxb2 47. Rg3 Qe5 48. Qa8+ Nb8 49. Nxf5 Rf7 50. Nd6+ Qxd6 51. Qxe4+ 1-0

[Event "Klasyfikacyjny wiosna grupa B"]
[Site "Bialystok"]
[Date "2011.??.??"]
[Round "2.7"]
[White "Bobras, Jan"]
[Black "Trofimiuk, Tomasz"]
[Result "0-1"]
[WhiteElo "1679"]
[BlackElo "1490"]
[PlyCount "92"]
[EventDate "2011.??.??"]

1. e4 c5 2. Nf3 d6 3. Bb5+ Bd7 4. Bxd7+ Nxd7 5. Nc3 Ngf6 6. O-O g6 7. d4 cxd4
8. Nxd4 Bg7 9. h3 O-O 10. Be3 Nc5 11. Qf3 Rc8 12. Nb3 Nfd7 13. Bd4 Ne5 14. Qe3
Nc4 15. Qc1 Nxb3 16. axb3 Bxd4 17. bxc4 Rxc4 18. Ne2 Bb6 19. Ng3 Qc7 20. c3 d5
21. Qg5 dxe4 22. Rae1 e3 23. fxe3 h6 24. Qd5 Rc5 25. Qf3 Re5 26. Kh1 Rg5 27.
Ne4 Rf5 28. Qg4 Rxf1+ 29. Rxf1 Bxe3 30. Rf3 Bb6 31. h4 Qe5 32. Rh3 h5 33. Qf3
Rd8 34. Rg3 Bc7 35. Rh3 Qxe4 36. Qf1 Rd2 37. Rf3 Qxh4+ 38. Rh3 Rf2 39. Qe1 Qf6
40. Kg1 Bb6 41. Kh2 Rf1 42. Qe4 Bc7+ 43. g3 Rf2+ 44. Kh1 Rxb2 45. Qd3 Qf2 46.
Qxg6+ fxg6 0-1

[Event "Klasyfikacyjny wiosna grupa B"]
[Site "Bialystok"]
[Date "2011.??.??"]
[Round "2.8"]
[White "Szostko, Jakub"]
[Black "Gorbacz, Filip"]
[Result "1/2-1/2"]
[WhiteElo "1546"]
[BlackElo "1652"]
[PlyCount "145"]
[EventDate "2011.??.??"]

1. e4 c5 2. Nf3 d6 3. d4 cxd4 4. Nxd4 Nf6 5. Nc3 a6 6. Bd3 e6 7. O-O Be7 8. f4
b5 9. a3 Bb7 10. Kh1 Nbd7 11. Qe1 Nc5 12. Nf3 O-O 13. Bd2 Rc8 14. Rd1 Nxd3 15.
cxd3 Nd7 16. Be3 Bf6 17. Bd4 Bxd4 18. Nxd4 Qb6 19. Nf3 a5 20. Nh4 b4 21. axb4
Qxb4 22. Rd2 Nc5 23. f5 f6 24. fxe6 Nxe6 25. Nf5 Rc7 26. Qg3 Rd8 27. Rdf2 Kh8
28. Ne3 Qb3 29. Nc4 Qb4 30. Rf5 Nc5 31. Nxd6 Rcd7 32. Nxb7 Rxb7 33. Rd5 Rxd5
34. Nxd5 Qxb2 35. Qd6 Nd7 36. Qe7 h6 37. Qe8+ Kh7 38. Ne7 Qb3 39. Rc1 Nb6 40.
h3 Qe6 41. Qg6+ Kh8 42. Nd5 Nxd5 43. exd5 Qd7 44. Re1 Rb8 45. Qe4 Rd8 46. Rc1
Qxd5 47. Rc8 Qd7 48. Rxd8+ Qxd8 49. Qc4 Qd7 50. d4 a4 51. Qb4 Kh7 52. d5 Kg6
53. Kh2 Kf7 54. Kg3 f5 55. h4 g5 56. hxg5 hxg5 57. Kh2 f4 58. Qe4 Kf8 59. Qb4+
Ke8 60. Qb8+ Kf7 61. Qb4 Qa7 62. Qe4 Qd7 63. Qb4 Kg6 64. Qe4+ Kh5 65. Qf3+ Kh6
66. Qa3 g4 67. Qc5 Kg5 68. d6+ Kf6 69. Qc7 Ke6 70. Qc4+ Kxd6 71. Qxf4+ Kc5 72.
Qc1+ Kb6 73. Qe3+ 1/2-1/2

[Event "Klasyfikacyjny wiosna grupa B"]
[Site "Bialystok"]
[Date "2011.??.??"]
[Round "2.9"]
[White "Burakowska, Gabriela"]
[Black "Filewicz, Przemyslaw"]
[Result "1-0"]
[WhiteElo "1612"]
[BlackElo "1453"]
[PlyCount "69"]
[EventDate "2011.??.??"]

1. d4 e5 2. dxe5 Nc6 3. Nf3 Qe7 4. Nc3 Nxe5 5. Nxe5 Qxe5 6. e3 Bb4 7. Bd2 Nf6
8. Bd3 d5 9. Qe2 O-O 10. h3 c5 11. Nd1 Bxd2+ 12. Qxd2 c4 13. Be2 Qg5 14. Bf3
Ne4 15. Bxe4 dxe4 16. g3 Qh5 17. Qe2 Bg4 18. Qxg4 Qa5+ 19. Nc3 f5 20. Qe2 b5
21. a3 Rac8 22. O-O g5 23. Qh5 Qd8 24. Rad1 Qf6 25. Nd5 Qg7 26. Nc3 Rc6 27. Qe2
Rh6 28. Kg2 f4 29. exf4 gxf4 30. Qxe4 Rg6 31. Kh2 Kh8 32. Qd4 Rff6 33. Ne4 a5
34. Nxf6 Rxg3 35. Qd8+ 1-0

[Event "Klasyfikacyjny wiosna grupa B"]
[Site "Bialystok"]
[Date "2011.??.??"]
[Round "2.10"]
[White "Kozaczynska, Aleksandra"]
[Black "Daciuk, Jaroslaw"]
[Result "0-1"]
[WhiteElo "1452"]
[BlackElo "1594"]
[PlyCount "124"]
[EventDate "2011.??.??"]

1. e4 c5 2. Nf3 e6 3. d4 cxd4 4. Nxd4 Nc6 5. Nc3 Qc7 6. Be3 a6 7. Be2 b5 8. a3
Bb7 9. O-O Nf6 10. Nxc6 dxc6 11. f4 c5 12. Bf3 Be7 13. Qe1 O-O 14. Bd2 c4 15.
Be3 Bc5 16. Bxc5 Qxc5+ 17. Qf2 Qxf2+ 18. Rxf2 Rad8 19. Re1 Rd7 20. Ree2 Rfd8
21. g3 Bc6 22. e5 Bxf3 23. Rxf3 Nd5 24. Nxd5 Rxd5 25. Kg2 Kf8 26. Rf1 Ke7 27.
Rfe1 Rc8 28. c3 Rcd8 29. Re3 Kd7 30. Kf2 Kc6 31. R1e2 Kc5 32. Re4 a5 33. Re1
Rd2+ 34. R1e2 Rxe2+ 35. Rxe2 Rd3 36. Re3 h6 37. h4 h5 38. Ke2 Rd5 39. Re4 b4
40. axb4+ axb4 41. cxb4+ Kxb4 42. Re3 Rd8 43. Ra3 Rd7 44. Ke1 Kc5 45. Ke2 Rb7
46. Ra2 Rb3 47. Kf2 Kd4 48. Kg2 Kd3 49. Kf3 Kc2+ 50. Ke4 Rxb2 51. Ra1 c3 52.
Kd4 Kb3 53. Kd3 c2 54. Rc1 Ra2 55. Kd2 Rb2 56. Kd3 Ra2 57. Kd2 g6 58. Re1 Ra7
59. Rf1 Kb2 60. Re1 Rd7+ 61. Ke3 c1=Q+ 62. Rxc1 Kxc1 0-1

[Event "Klasyfikacyjny wiosna grupa B"]
[Site "Bialystok"]
[Date "2011.??.??"]
[Round "2.11"]
[White "Grabarczyk, Edmund"]
[Black "Ocytko, Michal"]
[Result "1-0"]
[WhiteElo "1585"]
[BlackElo "1368"]
[PlyCount "115"]
[EventDate "2011.??.??"]

1. d4 d5 2. c4 c6 3. Nc3 Nf6 4. Bg5 h6 5. Bxf6 exf6 6. cxd5 cxd5 7. Qb3 Nc6 8.
e3 Bb4 9. Bb5 Bxc3+ 10. bxc3 O-O 11. Ne2 a6 12. Bd3 b5 13. Nf4 Be6 14. Bb1 Qd6
15. Qc2 f5 16. g4 g6 17. Rg1 Ne7 18. h4 Kh7 19. h5 Rg8 20. hxg6+ fxg6 21. g5 h5
22. Qe2 Bf7 23. Rh1 Kg7 24. Qf3 Rh8 25. Qg3 Qc6 26. Ne2 Qe6 27. Nf4 Qc6 28. Kd2
Rac8 29. Ne2 Qc7 30. Qf3 Qd6 31. a4 b4 32. Bd3 bxc3+ 33. Nxc3 a5 34. Rhb1 Be8
35. Rb7 Rc7 36. Rab1 Rf8 37. R1b6 Qd8 38. Qf4 Rxb7 39. Rxb7 Rf7 40. Qe5+ Kg8
41. Rb8 Qd7 42. Bb5 Nc6 43. Bxc6 Qxc6 44. Rxe8+ Rf8 45. Rxf8+ Kxf8 46. Qh8+ Kf7
47. Qh7+ Ke8 48. Qg8+ Kd7 49. Qxd5+ Qxd5 50. Nxd5 Kd6 51. Nf4 Ke7 52. Nxg6+ Kf7
53. Nf4 h4 54. Nh3 Kg6 55. f4 Kh5 56. d5 Kg4 57. Nf2+ Kg3 58. Ke2 1-0

[Event "Klasyfikacyjny wiosna grupa B"]
[Site "Bialystok"]
[Date "2011.??.??"]
[Round "3.1"]
[White "Kostyra, Stanislaw"]
[Black "Bartoszewicz, Marcin"]
[Result "1-0"]
[WhiteElo "2323"]
[BlackElo "1975"]
[PlyCount "71"]
[EventDate "2011.??.??"]

1. d4 Nf6 2. Nf3 g6 3. c4 Bg7 4. Nc3 O-O 5. e4 d6 6. g3 c5 7. Bg2 Nc6 8. d5 Na5
9. Qd3 a6 10. Bd2 Rb8 11. O-O b5 12. b3 bxc4 13. bxc4 Bg4 14. Rac1 Qc7 15. Nd1
Nb7 16. h3 Bxf3 17. Qxf3 Nd7 18. Qa3 Ra8 19. Kh2 Bd4 20. Ne3 Rfb8 21. f4 Nd8
22. Rb1 Nb6 23. Qd3 Qd7 24. Nc2 Bg7 25. Rb3 Qa7 26. e5 Nd7 27. e6 Rxb3 28. axb3
Nf8 29. f5 Rb8 30. Ba5 Bf6 31. Ne3 Kg7 32. Ng4 Bd4 33. fxg6 fxe6 34. Bxd8 Rxd8
35. Rf7+ Kh8 36. Qxd4+ 1-0

[Event "Klasyfikacyjny wiosna grupa B"]
[Site "Bialystok"]
[Date "2011.??.??"]
[Round "3.2"]
[White "Sieklucki, Adam"]
[Black "Smirnov, Aleksander"]
[Result "0-1"]
[WhiteElo "1838"]
[BlackElo "2220"]
[PlyCount "98"]
[EventDate "2011.??.??"]

1. e4 c5 2. Nf3 a6 3. c4 g6 4. d4 Bg7 5. Nc3 Nc6 6. Be3 cxd4 7. Nxd4 d6 8. Be2
Nf6 9. O-O O-O 10. Rc1 Bd7 11. Qd2 Ng4 12. Bxg4 Bxg4 13. f3 Bd7 14. Rfd1 Ne5
15. b3 f5 16. Bh6 Bxh6 17. Qxh6 f4 18. Qh4 Nf7 19. c5 e5 20. Qxd8 Rfxd8 21.
Nde2 dxc5 22. Nd5 Bb5 23. Nec3 Be8 24. Nb1 Kg7 25. Rxc5 Rac8 26. Rdc1 Rxc5 27.
Rxc5 g5 28. Nbc3 Rd7 29. Na4 Rd6 30. Nab6 Rc6 31. Na4 Nd6 32. Kf2 g4 33. Nb4
Rxc5 34. Nxc5 gxf3 35. gxf3 a5 36. Nbd3 Kf6 37. a3 b6 38. Na4 Bxa4 39. bxa4 Nc4
40. Ke2 Nxa3 41. Nb2 b5 42. Kd3 bxa4 43. Nxa4 Nb5 44. Nb6 Nd4 45. Nd5+ Kg5 46.
h4+ Kxh4 47. Nxf4 Nxf3 48. Ke3 exf4+ 49. Kxf3 Kg5 0-1

[Event "Klasyfikacyjny wiosna grupa B"]
[Site "Bialystok"]
[Date "2011.??.??"]
[Round "3.3"]
[White "Olhovik, Andrei"]
[Black "Zochowski, Kacper"]
[Result "1/2-1/2"]
[WhiteElo "2206"]
[BlackElo "1942"]
[PlyCount "109"]
[EventDate "2011.??.??"]

1. Nf3 d5 2. d4 e6 3. c4 Nf6 4. Nc3 Bb4 5. a3 Bxc3+ 6. bxc3 Nbd7 7. e3 O-O 8.
Bd3 b6 9. O-O c5 10. Qe2 Bb7 11. Bb2 Rc8 12. cxd5 exd5 13. Nd2 c4 14. Bc2 Ne4
15. Nb1 f5 16. a4 Qh4 17. f3 Ng5 18. Qf2 Qh5 19. Nd2 Rc6 20. Rfe1 Rh6 21. Nf1
Bc8 22. Ba3 Rf7 23. Bd1 Ne6 24. Rb1 Nef8 25. Rb2 Bb7 26. a5 Bc6 27. axb6 Nxb6
28. Ra2 Qg5 29. Bc1 Qd8 30. e4 f4 31. Ba3 Ne6 32. Bb4 Ng5 33. exd5 Nxd5 34. Ba5
Qd6 35. Re5 Rg6 36. Kh1 Re7 37. Rxe7 Qxe7 38. Be2 Bb5 39. Rb2 a6 40. Bb4 Qe8
41. h4 Rh6 42. Kg1 Nf7 43. Nd2 Ne3 44. Ne4 Rg6 45. Bf1 Nd1 46. Qd2 Nxb2 47.
Qxb2 Qd8 48. h5 Rh6 49. Qa2 Qh4 50. d5 Rxh5 51. d6 Qh2+ 52. Kf2 Qh4+ 53. Kg1
Qh2+ 54. Kf2 Qh4+ 55. Kg1 1/2-1/2

[Event "Klasyfikacyjny wiosna grupa B"]
[Site "Bialystok"]
[Date "2011.??.??"]
[Round "3.4"]
[White "Smolarczyk, Tomasz"]
[Black "Bernacki, Krzysztof"]
[Result "0-1"]
[WhiteElo "1571"]
[BlackElo "2021"]
[PlyCount "72"]
[EventDate "2011.??.??"]

1. e4 c5 2. Nf3 Nc6 3. d4 cxd4 4. Nxd4 e5 5. Nb5 d6 6. c4 Be7 7. N1c3 a6 8. Na3
Be6 9. Nc2 Rc8 10. Ne3 Bg5 11. Ned5 Bxc1 12. Rxc1 Nh6 13. Bd3 Qg5 14. Ne3 O-O
15. h4 Qg6 16. Kd2 Nd4 17. Rg1 Qf6 18. f3 Qxh4 19. g3 Qg5 20. Qf1 f5 21. f4 Qd8
22. Ncd5 Rf7 23. g4 fxg4 24. Be2 exf4 25. Nxg4 Nxg4 26. Bxg4 Bxg4 27. Rxg4 Qa5+
28. Kd3 Ne6 29. a3 Qc5 30. Qg1 Qxg1 31. Rcxg1 g5 32. Nb6 Rc5 33. Nd5 Rc8 34.
Nb6 Rd8 35. Nd5 Kg7 36. e5 h5 0-1

[Event "Klasyfikacyjny wiosna grupa B"]
[Site "Bialystok"]
[Date "2011.??.??"]
[Round "3.5"]
[White "Borawski, Jakub"]
[Black "Burakowska, Gabriela"]
[Result "1-0"]
[WhiteElo "1867"]
[BlackElo "1612"]
[PlyCount "89"]
[EventDate "2011.??.??"]

1. e4 c5 2. Nf3 e6 3. d4 cxd4 4. Nxd4 a6 5. c4 Nf6 6. Nc3 d6 7. Be2 Be7 8. O-O
Nc6 9. Be3 Nxd4 10. Bxd4 e5 11. Be3 Be6 12. f3 Rc8 13. b3 Nd7 14. Nd5 Bxd5 15.
Qxd5 b6 16. b4 O-O 17. a4 Kh8 18. a5 f5 19. exf5 Rxf5 20. Qe4 g6 21. axb6 Nxb6
22. Rxa6 Nd7 23. Rfa1 Kg7 24. Ra7 Rf7 25. Rb7 Nf6 26. Qd3 Ne8 27. Raa7 Nf6 28.
b5 Rb8 29. Rxb8 Qxb8 30. b6 Bd8 31. Rxf7+ Kxf7 32. Qb3 Kg7 33. b7 Nd7 34. Qb5
Qc7 35. Qxd7+ Qxd7 36. b8=Q Bc7 37. Qa7 Qc8 38. Kf2 Kf6 39. Qa1 Ke6 40. Qb2 Bd8
41. Qb5 Qc7 42. Qe8+ Be7 43. Qg8+ Kd7 44. Qxh7 Kc6 45. Qxg6 1-0

[Event "Klasyfikacyjny wiosna grupa B"]
[Site "Bialystok"]
[Date "2011.??.??"]
[Round "3.6"]
[White "Daciuk, Jaroslaw"]
[Black "Chilkiewicz, Marek"]
[Result "1/2-1/2"]
[WhiteElo "1594"]
[BlackElo "1854"]
[PlyCount "121"]
[EventDate "2011.??.??"]

1. c4 f5 2. Nc3 Nf6 3. d4 d5 4. e3 e6 5. Bd3 c6 6. Nge2 Bd6 7. O-O O-O 8. Qc2
Ne4 9. f3 Nxc3 10. Nxc3 Qf6 11. Qf2 Nd7 12. e4 fxe4 13. fxe4 Bxh2+ 14. Kxh2
Qxf2 15. Rxf2 Rxf2 16. cxd5 exd5 17. exd5 cxd5 18. Nxd5 Nb6 19. Nf4 g5 20. Ne2
h6 21. Be3 Rf7 22. Ng3 Be6 23. a3 Nd5 24. Bg1 Nf4 25. Bb1 Rd8 26. a4 Kg7 27.
Ra3 h5 28. Re3 h4 29. Nh5+ Nxh5 30. Rxe6 Nf4 31. Re5 Rd5 32. Re8 Rc7 33. Be3
Rdd7 34. Re5 Kh6 35. g3 hxg3+ 36. Kxg3 Ne2+ 37. Kh2 Nxd4 38. Bxg5+ Kg7 39. Be4
Rc2+ 40. Bxc2 Nf3+ 41. Kg3 Nxe5 42. Bf5 Rd4 43. b3 Nd3 44. Be3 Rb4 45. Bxa7
Rxb3 46. a5 Nb4+ 47. Kg4 Nc6 48. Bb6 Kf6 49. Bc8 Ne5+ 50. Kf4 Rb4+ 51. Kg3 Nc4
52. Bxb7 Nxb6 53. axb6 Rxb6 54. Bd5 Ke5 55. Bf7 Rf6 56. Bc4 Ke4 57. Bb5 Rb6 58.
Be8 Re6 59. Ba4 Ke3 60. Bc2 Rc6 61. Bf5 1/2-1/2

[Event "Klasyfikacyjny wiosna grupa B"]
[Site "Bialystok"]
[Date "2011.??.??"]
[Round "3.7"]
[White "Trofimiuk, Tomasz"]
[Black "Strojek, Kazimierz"]
[Result "1-0"]
[WhiteElo "1490"]
[BlackElo "1819"]
[PlyCount "73"]
[EventDate "2011.??.??"]

1. e4 e6 2. d4 d5 3. Nc3 Nf6 4. e5 Nfd7 5. Nf3 c5 6. dxc5 Bxc5 7. Bd3 Nc6 8.
Bf4 Qb6 9. O-O Qxb2 10. Nb5 Qb4 11. Bd2 Qg4 12. h3 Qh5 13. Nc7+ Kd8 14. Nxa8
Ndxe5 15. Nxe5 Qxe5 16. Qg4 h5 17. Qh4+ Be7 18. Qf4 Bd6 19. Qxe5 Bxe5 20. Rab1
Bd6 21. Bb5 Bd7 22. Be3 Ke7 23. Nb6 axb6 24. Bxb6 Rc8 25. a4 Nb4 26. Bxd7 Kxd7
27. Bd4 e5 28. Bxe5 Nxc2 29. Bxd6 Kxd6 30. Rxb7 Rf8 31. Rc1 Nd4 32. Rcc7 Ra8
33. Rxf7 Rxa4 34. Rxg7 Ra1+ 35. Kh2 Ra2 36. f4 h4 37. Rb1 1-0